01471 2200265 4500001002100000005001500021035002000036007000300056008004100059020002200100082001100122084002000133100002600153245011400179250003400293300002500327650002500352700003200377520066100409264004501070336002101115337003001136338002301166990001601189INLIS00000000116369620240220094934 a0010-0224000013ta240220 e | ind  a978-979-22-5963-6 a658.15 aSR 658.15 CLA r0 aClason, George Samuel1 aThe richest man in Babylon :borang terkaya di Babilonia /cGeorge Samuel Clason; penerjemah, Marcus P Widodo aCetakan keenam: desember 2023 a201 halaman ;c20 cm 4aKeuangan–Manajemen0 aMarcus P Widodoepenerjemah aBuku ini mengedepankan pedoman abadi tak lekang zaman yang menghadirkan prinsip-prinsip mendapatkan, mempertahankan, dan mengembangkan kekayaan. Tersaji dalam bentuk nasihat praktis melalui kisah-kisah menarik berlatar Babilonia Kuno yang disukai pembaca modern, pundi-pundi kempes bisa berubah jadi berat berisi dengan mempraktikkan pedoman abadi kebijakan finansial; panduan klasik untuk keuangan pribadi dan akumulasi kekayaan; prinsip menabung, berinvestasi, dan memperoleh kekayaan; kebijakan finansial praktis untuk individu dengan berbagai tingkat pendapatan; serta strategi yang telah teruji waktu dalam meraih kemandirian dan kesuksesan finansial. aJakarta :bGramedia Pustaka Utama,c2000 2rdacontentaTeks 2rdamediaaTanpa perantara 2rdacarrieraVolume a52558.65378